| 000 | 00978nam a2200253 a 4500 | ||
|---|---|---|---|
| 001 | 000791442 | ||
| 003 | AM-YeHGA | ||
| 005 | 20250618075742.0 | ||
| 008 | 110224s2010 |||| |||||||||| | rus c | ||
| 020 | _a9789939600611 | ||
| 040 | _aAM-YeHGA | ||
| 041 | 1 |
_aarm _heng |
|
| 100 | 1 | _aՆաջարյան, Փիթեր | |
| 245 | 1 | 0 |
_aՈՒղևորություններ : _bՎերջին հայը: Վեպ / _cՓ. Նաջարյան; Խմբ. Ա. Անդրանիկյան; Թարգմ. Ա. Արսենյան. |
| 246 | 1 | 1 | _aVoyages: The last Armenian |
| 246 | 1 | 0 | _aՎերջին հայը |
| 260 |
_aԵրևան : _bՎՄՎ-Պրինտ, _c2010. |
||
| 300 |
_a144 էջ : _bնկ. ; _c20 սմ. |
||
| 650 | 1 | 4 |
_aԱմերիկյան գրականություն _xՎեպ |
| 650 | 1 | 4 | _aԱյլալեզու հայ գրողներ |
| 700 | 1 |
_aԱնդրանիկյան, Արթուր Անդրանիկի, _d1959- _eխմբ. _4edt _92860 |
|
| 700 | 1 |
_aԱրսենյան, Արամ _eթարգմ. _4trl |
|
| 090 | _c496101 | ||
| 999 |
_c492723 _d492723 |
||